Propuesta de mecanismos de control interno para el departamento de ventas de servicios educativos especializados
Presenta la elaboración de propuesta de mecanismos de control interno para el departamento de ventas de servicios educativos especializados SEDES, incluye diagnostico situación actual y propuesta de sistema de control.
| Main Authors: | , |
|---|---|
| Other Authors: | |
| Format: | Tesis Section = Libro |
| Language: | Undetermined Spanish |
| Published: |
Managua
UNI
2012
|
| Subjects: |
| LEADER | 01078nam a2200253Ia 4500 | ||
|---|---|---|---|
| 008 | 240830s9999 xx 000 0 und d | ||
| 040 | |a BIBLIOTECA-RUPAP T.Mon 658.81 R696 | ||
| 041 | |a spa | ||
| 082 | |a T.Mon 658.81 R696 | ||
| 100 | 1 | |a Rodríguez Munguía, Marlyn Vannessa | |
| 100 | 1 | |b Hernández Núñez, Roberto Mitsui | |
| 245 | 1 | 0 | |a Propuesta de mecanismos de control interno para el departamento de ventas de servicios educativos especializados |
| 260 | |a Managua |b UNI |c 2012 | ||
| 300 | |a 69 p. :il. | ||
| 500 | |a Contiene: anexos e Incluye: CD. | ||
| 502 | |a Tesis (Ingeniero de Sistemas)- UNI, 2012. | ||
| 520 | 3 | |a Presenta la elaboración de propuesta de mecanismos de control interno para el departamento de ventas de servicios educativos especializados SEDES, incluye diagnostico situación actual y propuesta de sistema de control. | |
| 650 | 7 | |a ADMINISTRACION DE VENTAS | |
| 650 | 7 | |b CONTROL DE INVENTARIOS | |
| 650 | 7 | |c ESTRATEGIAS DE COMERCIALIZACION | |
| 700 | 1 | |a Tutor: |b Caldera Alfaro, Mario José | |
| 942 | |c BK |2 ddc | ||
| 991 | |a TESIS | ||
| 999 | |c 18741 | ||